书目信息 |
| 题名: |
古文观止精品钢笔行书帖
|
|
| 作者: | 钱沛云 书 | |
| 分册: | ||
| 出版信息: | 上海 复旦大学出版社 1996.03 |
|
| 页数: | 300页 | |
| 开本: | 32开 | |
| 丛书名: | ||
| 单 册: | ||
| 中图分类: | J292.12 | |
| 科图分类: | ||
| 主题词: | 书法--中国 , 篆刻--中国 | |
| 电子资源: | ||
| ISBN: | 7-309-01644-0 | |
| 000 | 00601nam0 2200205 45 | |
| 001 | 0010060970 | |
| 005 | 20001006093715.6 | |
| 010 | @a7-309-01644-0@d15.00元 | |
| 100 | @a20001006d1996 km y0chiy0120 ea | |
| 101 | 0 | @achi |
| 105 | @a z 000yy | |
| 200 | 1 | @a古文观止精品钢笔行书帖@AGu Wen Guan Zhi Jing Pin Gang Bi Xing Shu Tie@f钱沛云 书@FQian Pei Yun Shu |
| 210 | @a上海@c复旦大学出版社@d1996.03 | |
| 215 | @a300页@d32开 | |
| 606 | 0 | @a书法@x中国 |
| 606 | 0 | @a篆刻@x中国 |
| 690 | @aJ292.12@v3 | |
| 701 | 0 | @a钱沛云@4书 |
| 801 | @aCN@bPftUser@c20001006 | |
| 905 | @b167589-591@dJ292.12@eQ921@f3 | |
| 古文观止精品钢笔行书帖/钱沛云 书.-上海:复旦大学出版社,1996.03 |
| 300页;32开 |
| ISBN 7-309-01644-0:15.00元 |
| ● |
| 相关链接 |
|
|
|
正题名:古文观止精品钢笔行书帖
索取号:J292.12/Q921
 
预约/预借
| 序号 | 登录号 | 条形码 | 馆藏地/架位号 | 状态 | 备注 |
| 1 | 167589 | 201675892 | 社科库309/309社科库 79排4列5层/ [索取号:J292.12/Q921] | 在馆 | |
| 2 | 167590 | 201675909 | 社科库309/309社科库 79排4列5层/ [索取号:J292.12/Q921] | 在馆 | |
| 3 | 167591 | 201675918 | 社科库309/309社科库 79排4列5层/ [索取号:J292.12/Q921] | 在馆 |